000 01008nam a2200265Ia 4500
003 OSt
005 20220923211642.0
006 a|||||r|||| 00| 0
007 ta
008 220922b |||||||| |||| 00| 0 hin d
024 _a39,762
037 _cTextual
040 _aARTS
_cARTS
_bhin
041 _2hin
_ahin
082 _aO15:gx, 152M6 (EPS)
100 _aजोशी, मृदुला
_9156291
245 0 _aसंस्कृत काव्य परिभाषाओं का आलोचनात्मक अध्ययन
246 _aSanskṛut kāvya paribhāṣhāoan kā ālochanātmak adhyayana
260 _aगाजियाबाद
_b इण्डो-विजन प्राइवेट लिमिटेड
_c1986
300 _a148पृ.
_ccm.
500 _aBib 145-48p
650 _aहिन्दी साहित्य
_9156264
942 _hO15:gx, 152M6 (EPS)
_cTEXL
_2CC
999 _c302150
_d302150